000 00580nam a22001931a 4500
005 20110718133124.0
008 091005s1995 001 0 eng d
020 _c0.00
040 _aNEGST Library - Kenya
050 4 _aBS 325.A85 1995
082 0 _aBS 325.A85 1995
245 0 0 _aZo nda Gbagba Bidzhu.
260 _bSociete Biblique Interna,
_c1995.
300 _a353p.
500 _a[Africana] Photos, Maps.
600 1 0 _aAttie language - Bible.
852 _912.00
852 _912.00
999 _c39924
_d39924